01004nam a2200205Ia 4500003000900000005001700009008004100026040003100067040001300098041000800111100004300119245003600162260003800198300001800236490003400254520038100288942001200669999001700681952010000698IT-RoPAU20220918175652.0120407s9999 xx 000 0 und d aIT-RoPAUc20140509161931.0 cIT-RoPAU aita aPie Discepole del Divin Maestro924321 aAtti del III Capitolo Generale. aRomabCasa Generalizia PDDMc1981 a109 p.c21 cm a21 marzo 1981 - 3 maggio 1981 aIndice Presentazione Introduzione Relazione della Madre Generale - Dati statistici Relazione dell'Economa Generale Esame sulle relazioni Spiritualità della Pia Discepola Vita consacrata e comunitaria Apostolato Formazione Studio Governo Amministrazione Costituzioni Abito Lettera di S. E. Card. Prefetto S. Congr. Relig. e Ist. Sec. Partecipanti al Capitolo Sigle Indice cBK2ddc c24324d24324 00102ddc406P_D571aPAULUSbPAULUSd2012-04-11l0oP D5r2012-04-11 00:00:00w2012-04-11yBK